000 00439nam a2200169Ia 4500
001 38493
008 140422s9999 xx 000 0 und d
020 _a019597719x
040 _cPK-LaUMT
082 _a 954.035
_bSEE-P
100 _aSeervai, H. M.
245 _aPartition of India
_blegend and reality
_cSeervai, H. M.
260 _aKarachi,Pakistan:
_bOxford University Press,
_c2006
300 _a256 p.
546 _aEN
942 _cBK
999 _c37829
_d37829